EToH - Every SC Tower (1/14/2026) - Statistics

General Stats
  • This quiz has been taken 1,182 times
    194 since last reset
  • The average score is 46 of 54
Answer Stats
Area Difficulty Answer % Correct
Ring 4 Terrifying Tower of Inception
100%
Ring 1 Insane Tower of Infinity Gauntlet
98%
Ring 3 Insane Tower of Confusion
97%
Ring 2 Insane Tower of Difficulty Chart
97%
Zone 1 Insane Tower of Thinning Layers
95%
Ring 9 Catastrophic Tower of Cruel Punishment
94%
Zone 3 Extreme Tower of Hopeless Hell
94%
Ring 9 Catastrophic Tower of Augmented Misery
92%
Ring 7 Catastrophic Tower of Elongated Runs
92%
Ring 9 Catastrophic Tower of Champion's Road
91%
Ring 8 Catastrophic Tower of Generation Failure
91%
Ring 9 Extreme Tower of Bloodthirsty Kenos
90%
Zone 2 Insane Tower of Double Trouble
90%
Forgotten Ridge Insane Tower of Mind Breaking
90%
Zone 5 Terrifying Tower of Alien Radiance
89%
Zone 8 Catastrophic Tower of Descent Into Exile
89%
Ring 6 Terrifying Tower of Impossible Movement
89%
Ring 9 Insane Tower of Bent Trauma
88%
Ring 9 Insane Tower of Curved Ascent
88%
Zone 6 Terrifying Tower of Micro Management
88%
Zone 8 Extreme Tower of Astral Eclipse
87%
Zone 9 Catastrophic Tower of Empty Meaningless Patterns
87%
Ring 9 Insane Tower of High Adrenaline
87%
Zone 4 Insane Tower of Inevitable Failure
87%
Zone 10 Catastrophic Tower of Raging Tempest
87%
Zone 4 Extreme Tower of Astronomically Aimless Annoyances
86%
Zone 7 Terrifying Tower of Fractured Memories
86%
Zone 8 Insane Tower of Rough Endoplasmic Reticulum
86%
Ring 8 Extreme Tower of Externalizing Insanity
85%
Ring 7 Insane Tower of Extreme Hell
85%
Ring 5 Terrifying Tower of Frightening Nightmares
85%
Ring 5 Insane Tower of Icy Blizzards
85%
Steelspire Horizon Insane Tower of Speeding Right Through
85%
Ashen Towerworks Extreme Tower of Wicked Fortress
85%
Ring 4 Insane Tower of Vivid Sections
84%
Ring 9 Terrifying Tower of Nervous Sweating
83%
Zone 10 Insane Tower of Rain on My World
83%
Ring 6 Extreme Tower of Strategic Mechanics
83%
Zone 10 Insane Tower of Tee Hee Time
83%
Lost River Insane Tower of Unsettling Heights
83%
Ring 9 Extreme Tower of Frightening and Confusing Trials
82%
Ring 9 Terrifying Tower of Journey's End
82%
Zone 9 Terrifying Tower of Wildly Wacky Wonders
82%
Zone 9 Insane Tower of Hollow Reformations
81%
Zone 9 Extreme Tower of Panelling Barricades
81%
Ring 8 Extreme Tower of Suffering Outside
81%
Zone 10 Extreme Tower of Blast Power
78%
Zone 5 Insane Tower of Polychromatic Zero
78%
Ring 7 Extreme Tower of Terrifying Beauty
77%
Zone 7 Terrifying Tower of Uncanny Agony
76%
Zone 10 Terrifying Tower of Complexity and Volatility
74%
Zone 6 Extreme Tower of The Dripping Amalgam
74%
Dark Side of the Moon Insane Tower of Spin To Win
59%
Dark Side of the Moon Terrifying Tower of Dynamic Pulse
52%
No matching quizzes found
Score Distribution
Percent of People with Each Score
Percentile by Number Answered
Your Score History
You have not taken this quiz since the last reset